000 01852nam0a2200397 4500
001 RU\NLR\bibl\1690303
005 20250616054236.0
010 _a978-5-7695-5946-4
_91200
021 _aRU
_b2010-73154
_94847
035 _a(nilc)RSL-KNO-004735019
035 _a(NLR Aleph) 001681422
090 _a1103701
_c1103701
100 _a20100928d2010 |||y0rusy50 ca
101 0 _arus
102 _aRU
105 _aa |||||||||
200 1 _aТеоретическая механика
_eучебник
_eдля студентов высших учебных заведений, обучающихся по специальностям "Математика" и "Механика"
_fС.В. Болотин, А.В. Карапетян, Е.И. Кугушев, Д.В. Трещев
210 _aМосква
_cАкадемия
_d2010
215 _a428, [1] с.
_cил.
_d22
225 1 _aВысшее профессиональное образование
_iЕстественные науки
320 _aБиблиогр.: с. 400-401 (37 назв.)
320 _aПредм. указ.: с. 416-421
606 1 _aТеоретическая механика
_jУчебники для высших учебных заведений
_9968594
_3RU\NLR\auth\6644041
686 _aВ23я73-1
_2rubbk
686 _aВ21я73-1
701 1 _aБолотин
_bС. В.
_gСергей Владимирович
_4070
701 1 _aКарапетян
_bА. В.
_gАлександр Владленович
_4070
701 1 _aКугушев
_bЕ. И.
_gЕвгений Иванович
_4070
701 1 _aТрещев
_bД. В.
_gДмитрий Валерьевич
_4070
801 0 _aRU
_bРГБ
_c20100928
_grcr
801 1 _aRU
_bРГБ
_c20100928
801 2 _aRU
_bNLR
_c20101025
_grcr
830 _aавт. по кн.
942 _cBOOK
980 _aNB